Online
Catalog

Historia del cristianismo / (Record no. 20623)

MARC details
000 -CABECERA
campo de control de longitud fija 00754nam a2200217 a 4500
001 - NÚMERO DE CONTROL
campo de control 000021121
005 - FECHA Y HORA DE LA ÚLTIMA TRANSACCIÓN
campo de control 20260421195457.0
008 - DATOS DE LONGITUD FIJA--INFORMACIÓN GENERAL
campo de control de longitud fija 100831s1953 xxu r 000 u spa d
040 ## - FUENTE DE LA CATALOGACIÓN
Centro catalogador/agencia de origen DO-SdBNP
Lengua de catalogación spa
Centro/agencia transcriptor BNPHU
082 ## - NÚMERO DE LA CLASIFICACIÓN DECIMAL DEWEY
Número de clasificación 230.09
Número de documento/Ítem M953h
100 1# - ENTRADA PRINCIPAL--NOMBRE DE PERSONA
Nombre de persona Muirhead, H. H.
9 (RLIN) 44164
245 13 - MENCIÓN DE TÍTULO
Título Historia del cristianismo /
Mención de responsabilidad, etc. H. H. Muirhead; traducción, A. Pereira Alves.
260 ## - PUBLICACIÓN, DISTRIBUCIÓN, ETC.
Lugar de publicación, distribución, etc. Texas :
Nombre del editor, distribuidor, etc. Casa Bautista de Publicaciones,
Fecha de publicación, distribución, etc. [1953].
300 ## - DESCRIPCIÓN FÍSICA
Extensión t.2 . ;
Dimensiones 19 cm.
500 ## - NOTA GENERAL
Nota general Incluye citas al pie de páginas
650 #4 - PUNTO DE ACCESO ADICIONAL DE MATERIA--TÉRMINO DE MATERIA
Término de materia o nombre geográfico como elemento de entrada Cristianismo
Subdivisión general Historia
9 (RLIN) 44165
650 #0 - PUNTO DE ACCESO ADICIONAL DE MATERIA--TÉRMINO DE MATERIA
Término de materia o nombre geográfico como elemento de entrada Cristianismo
Subdivisión general Aspectos económicos
9 (RLIN) 44166
650 #0 - PUNTO DE ACCESO ADICIONAL DE MATERIA--TÉRMINO DE MATERIA
Término de materia o nombre geográfico como elemento de entrada Cristianismo y política
9 (RLIN) 44167
650 #4 - PUNTO DE ACCESO ADICIONAL DE MATERIA--TÉRMINO DE MATERIA
Término de materia o nombre geográfico como elemento de entrada Iglesia católica
Subdivisión general Historia
9 (RLIN) 4242
700 ## - PUNTO DE ACCESO ADICIONAL--NOMBRE DE PERSONA
Nombre de persona Pereira Alves, A.
Término indicativo de función/relación tr.
9 (RLIN) 40315
Holdings
Estado de retiro Estado de pérdida Restricciones de uso No para préstamo Código de colección Localización permanente Ubicación/localización actual Ubicación en estantería Fecha de adquisición Número de inventario Total de préstamos Signatura topográfica completa Código de barras Fecha visto por última vez Precio válido a partir de Tipo de ítem Koha
        Monografías: Libros y Folletos General General En catalogación 31.08.2010 LF1   230.09 M953h 21121-10 25.06.2020 25.06.2020 Préstamo en sala

Powered by Koha